000 00959nam a22003137a 4500
003 CHAP
005 20220329135710.0
008 971013s1984 r 00010 d
010 _a40741
011 _a41713
035 _a45839
040 _cCHAP
082 _a770
_bM6 1984
100 0 0 _aMorton, Richard A.
_eed.
_978976
245 _aPhotography for the scientist
250 _a2 ed.
260 _aOrlando, Fla. :
_bAcademic Press,
_c1984
300 _a542 p.
_b: ilus. ; gráfs
590 _aBATCH-UPD
_b10
_c20130110
_lUCH01
_h1822
590 _aBATCH-UPD
_b10
_c20130410
_lUCH01
_h1156
590 _aBATCH-UPD
_b10
_c20130914
_lUCH01
_h1433
590 _aCONVERSION
_b10
_c20130109
_lUCH01
_h1322
650 1 4 _aFotografía.
_942710
650 1 4 _aFotogrametría.
_942720
650 1 4 _aProcesos fotomecánicos.
_991827
901 _aBK
942 _cLIBRO
949 _a770 M6 1984
_bBC
_cLIBRO
_d33724000268694
_eLIBRO
_gI.134834
_h69747
_i45839
_mDir
_si
_t84.92
999 _c40741
_d40741